The Last Word: Movie Directors II Quiz Stats

 Plays Quiz Updated Jun 14, 2019

Score 0/36 Timer 05:00
0 Plays Today
Hint Answer % Correct
Ridley ScottRunner
97.1%
Ridley ScottLouise
96.9%
Steven SpielbergReport
95.6%
David LeanArabia
95%
Frank CapraLife
94.8%
Tim BurtonScissorhands
94.7%
Steven SpielbergPurple
94.2%
John FordWrath
92.7%
Tim BurtonHollow
92.4%
Kathryn BigelowLocker
92.3%
Billy WilderItch
90.6%
Oliver StoneStreet
89.6%
Oliver StoneKillers
88.5%
Clint EastwoodTorino
88%
Tim BurtonBride
87.2%
Sofia CoppolaTranslation
87%
Oliver StoneSunday
84.6%
Frank CapraWashington
83.1%
Hint Answer % Correct
Kathryn BigelowBreak
80.1%
Kathryn BigelowThirty
74.1%
David LeanIndia
71.7%
John FordValley
70.1%
Charlie ChaplinDictator
68.6%
John FordRibbon
63.8%
Charlie ChaplinTimes
63.7%
Clint EastwoodDrifter
63.1%
Steven SpielbergHorse
62.8%
Sofia CoppolaAntoinette
60.6%
Charlie ChaplinLights
59.4%
Sofia CoppolaRing
49.8%
Ridley ScottGangster
46.4%
Clint EastwoodSniper
46.2%
David LeanEncounter
42.4%
Frank CapraDoe
41.3%
Billy WilderWeekend
30.8%
Billy WilderDouce
30.4%

You're not logged in!

Compare scores with friends on all Sporcle quizzes.
OR
Log In

Show Comments

Extras

Top Quizzes Today


Score Distribution

Your Account Isn't Verified!

In order to create a playlist on Sporcle, you need to verify the email address you used during registration. Go to your Sporcle Settings to finish the process.

Report this User

Report this user for behavior that violates our Community Guidelines.

Details: